Nákladovosť vybraných poľnohospodárskych výrobkov podľa vybraných výrobných oblastí diplomová práca

Salvato in:
Dettagli Bibliografici
Autore principale: Jámborová, Stanislava
Ente Autore: Podnikovohospodárska fakulta EU so sídlom v Košiciach. Katedra obchodného podnikania
Altri autori: Dudáš-Pajerská, Erika, 1988-
Natura: Libro
Lingua:slovacco
Pubblicazione: Košice 2020
Tags: Aggiungi Tag
Nessun Tag, puoi essere il primo ad aggiungerne!!

MARC

LEADER 00000nbm a2200000 4500
001 0265305
005 20201207144521.9
041 0 |a slo 
044 |a SK 
245 1 0 |a Nákladovosť vybraných poľnohospodárskych výrobkov podľa vybraných výrobných oblastí  |b diplomová práca  |c Stanislava Jámborová ; školiteľ: Erika Dudáš Pajerská 
264 1 |a Košice  |c 2020 
300 |a 79 s. 
100 1 |a Jámborová, Stanislava 
700 1 |a Dudáš-Pajerská, Erika, 1988- 
710 2 |a Podnikovohospodárska fakulta EU so sídlom v Košiciach. Katedra obchodného podnikania